Una lógica de la psicosis /

La psicosis es un término que designa a las enfermedades mentales que producen trastornos graves en el razonamiento y en la adaptación de la persona a la realidad, por lo que dada esta condición se puede inferir que lo que emane de ella será algo irracional. Aún a pesar de esta situación, el autor m...

Celý popis

Uloženo v:
Podrobná bibliografie
Hlavní autor: Pommier, Gérard (autor)
Médium: Kniha
Jazyk:španělština
Vydáno: Buenos Aires, Argentina : Catálogos, 1985, c1985
Vydání:2a edición
Témata:
Tagy: Přidat tag
Žádné tagy, Buďte první, kdo vytvoří štítek k tomuto záznamu!

MARC

LEADER 00000nam^a2200000^a^4500
001 000186777
005 20250521000000.0
009 20260310102236.954
020 |a 950-9314-08-0 
037 |a Acervo ITESO - Biblioteca 
041 |a ESP 
082 |a 616. 89  |b POM 
100 |a Pommier, Gérard  |e (autor) 
245 1 4 |a Una lógica de la psicosis /  |c G. Pommier ; tr. por E. Berenguer. 
250 |a 2a edición 
264 4 |a Buenos Aires, Argentina :  |b Catálogos,  |c 1985, c1985 
300 |a 249 p. 
336 |a texto  |b txt  |2 rdacontenido 
337 |a sin mediación  |b n  |2 rdamedio 
338 |a volumen  |b nc  |2 rdasoporte 
500 |a Traducción de: D'une logique de la psychose 
520 |a La psicosis es un término que designa a las enfermedades mentales que producen trastornos graves en el razonamiento y en la adaptación de la persona a la realidad, por lo que dada esta condición se puede inferir que lo que emane de ella será algo irracional. Aún a pesar de esta situación, el autor manifiesta la existencia de una lógica en la psicosis, que demuestra en el desarrollo de la presente obra, en el destaca el proceso, la tipología y el abordaje clínico de la psicosis. 
649 |a XX 
650 |a Psicosis 
650 |a Yo (Psicoanálisis) 
650 |a Trastornos Psicosomáticos 
650 |a Psicopatología 
650 |a Psicoanálisis y Semiótica 
650 |a Psicoterapia Psicoanalítica 
650 |a Psicología Clínica 
910 |a Fondo Armando Suárez Gómez 
920 |a Impresos - Libros 
930 |a Fondos Especiales 
905 |a 111 
901 |a 0700002862  |b IT2  |c ESP  |u 20250521 
902 |a https://opac.biblio.iteso.mx/vufind/Record/000186777